000 00450pab a2200169 454500
008 180718b1996 xxu||||| |||| 00| 0 eng d
100 _aGaur, S.L.
245 _aImpact of new economic policy on cooperative banking
260 _c1996
300 _ap.10-11
362 _aAug
650 _aBanks and banking - India
650 _aFinancial institutions - India
650 _aFinancial institutions
773 _aBanking Finance
909 _a32273
999 _c32273
_d32273